Statistiken für Vaterunser Quiz

Klicken Sie hier um das Quiz zu spielen!

Allgemein

  • Dieses Quiz wurde 2,853 mal gespielt
  • Das Durchschnittsergebnis liegt bei 57 aus 63

Antwortstatistiken

Worte % Korrekt
Vater
99%
uns
99%
uns
99%
uns
99%
uns
99%
unser
98%
Himmel,
98%
Unser
98%
Himmel
98%
im
97%
dein
97%
Dein
97%
im
97%
dein
97%
Dein
97%
so
95%
Reich
95%
Reich
95%
Brot
94%
wie
94%
wie
94%
Erden.
94%
auf
94%
Wille
94%
komme.
93%
geschehe,
93%
Name.
93%
gib
93%
Und
92%
geheiligt
92%
Und
92%
und
92%
heute.
92%
und
92%
werde
91%
unsere
91%
tägliches
91%
auch
91%
wir
91%
in
90%
Amen.
90%
in
90%
vergeben
90%
vergib
90%
Schuld,
90%
Ewigkeit.
86%
unseren
86%
Versuchung,
85%
die
85%
ist
85%
die
85%
das
85%
nicht
85%
führe
84%
Denn
84%
Schuldigern.
84%
erlöse
83%
von
83%
Bösen.
82%
Kraft
81%
sondern
80%
dem
80%
Herrlichkeit
79%

Verteilung der Resultate

Perzentil nach korrekt beantworteten Fragen

Anzahl Personen mit jedem Resultat

Ihre Resultats-Entwicklung

Sie haben dieses Quiz noch nicht gespielt